| 000 | 00413nam a2200121Ia 4500 | ||
|---|---|---|---|
| 008 | 171212s9999 xx 000 0 und d | ||
| 020 | _a9781922064400 | ||
| 100 | _aLlewellyn-Smith, Michael | ||
| 245 |
_cLlewellyn-Smith, Michael _aBehind the Scenes _bThe politics of planning Adelaide |
||
| 260 |
_bUniversity of Adelaide Press _c2012 |
||
| 650 | _aHistory | ||
| 856 | _uhttp://jstor.org/stable/10.20851/j.ctt1sq5wvd | ||
| 999 |
_c352905 _d352905 |
||